01827nam a22002657a 450000500170000000800410001702000150005804000070007304100080008008200210008810000270010924500250013626000380016130000280019936500140022752010000024165000410124165000310128265000280131365000260134170000290136794200120139699900190140895201340142720221221131734.0221221b ||||| |||| 00| 0 eng d a0853035954 cAL aeng 223a305.89bBENL aHadassa Benitto967231 aLie that wouldnt die aLondonbVallentine Mitchellc2005 axxi,390p.bPBc23x15cm. 2Sociology aOf all the libels that have served as a means of incitement of hate against Jews, and as intellectual justification of anti-Semitism, the myth of the so-called 'Jewish Conspiracy' to gain domination of the whole world, as embodied in the forged Protocols of the Elders of Zion, is probably the most devious and the most dangerous. Previously only analyzed in academic, footnoted studies, the history of the Protocols is presented here by Judge Hadassa Ben-Itto in an eminently readable, fascinating account, telling the stories of the numerous people involved over the hundred years that the forgery has existed. Above all, this is the story of a judge who follows the Protocols into lawyers' chambers and into courtrooms in Switzerland, in South Africa, in Germany, in the United States and in Russia, and presents the reader with a detailed critical analysis of legal proceedings which culminated in fascinating courtroom drama. The truth is revealed again and again, but the lie wouldn't die. aEncounters with the Protocols967232 aSourth African Saga967233 aJustice in Berne967234 aUnmasking Myth967235 aBENITTO (Hadassa)967236 2ddccDB c225999d225999 00102ddc40708SOCaALbALd2014-11-29l0o305.89 BENLpD05328r2022-12-21 00:00:00w2022-12-21yDBzDonated by V. T. Rajshekar